000 01728nam1a2200301 i 4500
001 RU\NLR\BIBL_A\011204935
005 20260406094215.0
010 _a9785000685556
035 _a(NLR Aleph) 011204935
090 _a11944611
_c11944611
100 _a20160713d2016 k y0rusy50 ca
101 0 _arus
102 _aRU
105 _a| z |||||
200 1 _aПсихология и педагогика: методика и проблемы практического применения
_eсборник материалов L международной научно-практической конференции, г. Новосибирск, 29 апреля, 26 мая 2016 г.
_e[в 2 ч.]
_fпод общ. ред. С.С. Чернова
210 _aНовосибирск
_cЦРНС
_d2016
215 _d20
300 _aВ надзаг.: Центр развития науч. сотрудничества
606 _aПсихология
_jСъезды, совещания и т.п
_9931820
_3RU\NLR\AUTH\6624683
606 _aПедагогика
_jСъезды, совещания и т.п
_9921924
_3RU\NLR\AUTH\6619222
686 1 _aЮ9я431
686 1 _aЧ30я431
702 1 _4340
_8rus
_7ca
_aЧернов
_bС. С.
_cканд. экон. наук
_f1979-
_gСергей Сергеевич
_3RU\NLR\AUTH\7768307
_951235
711 1 2 _a"Психология и педагогика: методика и проблемы практического применения", международная научно-практическая конференция
_d50
_eНовосибирск
_f2016
_9524026
_3RU\NLR\AUTH\880429823
852 _aNLR
_j2016-3/21396
942 _cBOOK